| 000 | 00966cam a2200265 a 4500 | ||
|---|---|---|---|
| 999 |
_c528335 _d528335 |
||
| 001 | 498226 | ||
| 003 | NUST | ||
| 005 | 20190906063816.0 | ||
| 008 | 850806s1986 ne a b 001 0 eng | ||
| 010 | _a 85018848 | ||
| 020 | _a9024732336 | ||
| 038 | _amsohail | ||
| 040 |
_aDLC _beng _cDLC _dDLC |
||
| 050 | 0 | 0 |
_aTA440 _b.C318 1986 |
| 082 | 0 | 0 |
_a620.1366 _219 _bCAR |
| 100 | 1 |
_aCarpinteri, Alberto, _d1952- _920068 |
|
| 245 | 1 | 0 |
_aMechanical damage and crack growth in concrete : _bplastic collapse to brittle fracture / _cby Alberto Carpinteri. |
| 260 |
_aDordrecht ; _aBoston : _bM. Nijhoff ; _aHingham, MA : _bDistributors for the U.S. and Canada, Kluwer Academic, _c1986. |
||
| 300 |
_axiii, 234 p. : _bill. ; _c25 cm. |
||
| 440 | 0 |
_aEngineering application of fracture mechanics ; _v5 _920069 |
|
| 504 | _aIncludes bibliographies and indexes. | ||
| 650 | 0 |
_aConcrete _xCracking. _920070 |
|
| 906 |
_a7 _bcbc _corignew _d1 _eocip _f19 _gy-gencatlg |
||
| 942 |
_2ddc _cBK |
||